Берсеркер-III: Романы; [пер. с англ.; База берсеркера; Берсеркер голубая смерть

Dettagli Bibliografici
Autore principale: Саберхаген Ф. Фред
Altri autori: Замилова Т. Н. (переводчик), Щуплецов А. А. (иллюстратор)
Riassunto:Исключено из фонда НТБ ТПУ
Lingua:russo
Pubblicazione: Смоленск, Русич, 1994
TOC:База берсеркера;
Берсеркер голубая смерть;
Serie:Сокровищница боевой фантастики и приключений
Natura: Libro
KOHA link:https://koha.lib.tpu.ru/cgi-bin/koha/opac-detail.pl?biblionumber=100238

MARC

LEADER 00000nam0a2200000 4500
001 100238
005 20231031112048.0
010 |a 5885900299 
020 |a RU  |b 94-26206 
035 |a (RuTPU)RU\TPU\book\107823 
090 |a 100238 
100 |a 20060818d1994 m y0rusy5003 ca 
101 1 |a rus  |c eng 
102 |a RU 
105 |a y z 000ay 
200 1 |a Берсеркер-III  |e Романы  |e [пер. с англ.  |f Ф. Саберхаген  |g пер. Т. Н. Замилова; худож. А. А. Щуплецов 
210 |a Смоленск  |c Русич  |d 1994 
215 |a 560 с. 
225 1 |a Сокровищница боевой фантастики и приключений 
333 |a Исключено из фонда НТБ ТПУ 
464 |t База берсеркера 
464 |t Берсеркер голубая смерть 
700 1 |a Саберхаген  |b Ф.  |g Фред  |4 070 
702 1 |a Замилова  |b Т. Н.  |4 730 
702 1 |a Щуплецов  |b А. А.  |4 440 
801 0 |a RU  |b RuMRKP  |c 19950413  |g psbo 
801 1 |a RU  |b 63413507  |c 20060818  |g PSBO 
801 2 |a RU  |b 63413507  |c 20170906  |g PSBO 
942 |c BK